[Event "Michigan Beginners"]
[Site "Grand Rapids, MI"]
[Date "1998.??.??"]
[Round "?"]
[White "Nolan, Robert"]
[Black "Nolan, Sean"]
[Result "0-1"]
[WhiteElo "1605"]
[BlackElo "1605"]
[PlyCount "116"]
[EventDate "1998.01.??"]

1. d4 Nc6 2. e3 d5 3. Nf3 Nf6 4. Bd3 Bg4 5. O-O Bxf3 6. Qxf3 e6 7. Nc3 Bd6 8.
g3 O-O 9. e4 Nxd4 10. Qg2 Bb4 11. f4 Nd7 12. e5 g6 13. Nb5 Bc5 14. Nxd4 Bxd4+
15. Kh1 Nc5 16. Qf3 f5 17. c3 Nxd3 18. cxd4 Nxc1 19. Raxc1 c6 20. Rc3 Qb6 21.
Rb3 Qc7 22. Qd3 Rfe8 23. Rc1 Rac8 24. Rc5 Qe7 25. Qc3 Rc7 26. Qa5 b6 27. Rxb6
axb6 28. Qxb6 Rb7 29. Qxc6 Rd8 30. Qa4 Qd7 31. Qc2 Rb5 32. Rc3 Rbb8 33. b3 Rdc8
34. Rxc8+ Rxc8 35. Qb2 Rc6 36. Qa3 Qc7 37. Kg2 Rc2+ 38. Kh3 Kf7 39. Qa8 h5 40.
Qh8 Qe7 41. Qh7+ Kf8 42. Qh8+ Kf7 43. Qh7+ Ke8 44. Qxg6+ Qf7 45. Qh6 Rxa2 46.
Kh4 Rxh2+ 47. Kg5 Ke7 48. b4 Rg2 49. b5 Rxg3+ 50. Kh4 Qg8 51. Qf6+ Ke8 52. Qg5
Rxg5 53. fxg5 Kf7 54. Kxh5 Kg7 55. g6 Qb8 56. Kg5 Qxb5 57. Kh5 Qe2+ 58. Kg5
Qg4# 0-1

[Event "Michigan Beginners"]
[Site "Grand Rapids, MI"]
[Date "1998.??.??"]
[Round "?"]
[White "Nolan, Robert"]
[Black "Nolan, Scott"]
[Result "0-1"]
[WhiteElo "1605"]
[BlackElo "1605"]
[PlyCount "88"]
[EventDate "1998.01.??"]

1. d4 d5 2. Nc3 e6 3. Nf3 Bb4 4. Bd2 Nf6 5. e3 Nc6 6. Bd3 Bd7 7. O-O O-O 8. Qe2
Bd6 9. e4 dxe4 10. Nxe4 Nxe4 11. Qxe4 Re8 12. Bg5 f6 13. Bf4 Bxf4 14. Qxf4 e5
15. dxe5 fxe5 16. Qd2 e4 17. Bxe4 Rxe4 18. Rae1 Rxe1 19. Rxe1 Bg4 20. Re3 Qxd2
21. Nxd2 Rd8 22. Rd3 Re8 23. f3 Bf5 24. b3 Bxd3 25. c4 Bxc4 26. bxc4 Re2 27.
Nb3 Rxa2 28. Nc5 Rc2 29. Nxb7 Rxc4 30. Kf2 Kf7 31. Ke3 Ne5 32. Na5 Ra4 33. Nb7
Kf6 34. f4 Ng4+ 35. Kf3 Nxh2+ 36. Kg3 Rb4 37. Kxh2 Rxb7 38. g3 Rb4 39. Kh3 Kf5
40. Kh4 c5 41. g4+ Kxf4 42. Kh5 Ke3 43. g5 Rb6 44. Kg4 c4 0-1

[Event "Michigan Beginners"]
[Site "Grand Rapids, MI"]
[Date "1998.??.??"]
[Round "?"]
[White "Nolan, Robert"]
[Black "Horwood, Rob"]
[Result "0-1"]
[WhiteElo "1605"]
[BlackElo "1605"]
[PlyCount "54"]
[EventDate "1998.01.??"]

1. d4 d5 2. Nf3 Nf6 3. Bg5 e6 4. Nc3 Be7 5. Ne5 O-O 6. e3 b6 7. Bd3 Bd6 8. e4
c6 9. f3 Ba6 10. Bxf6 Qxf6 11. Bxa6 Bxe5 12. Bb7 Qh4+ 13. Kd2 Na6 14. Bxa8 Rxa8
15. dxe5 Rd8 16. g3 dxe4+ 17. Nd5 Rxd5+ 18. Ke2 Qh5 19. Qf1 Qh6 20. Rd1 Nb4 21.
c4 Nc2 22. f4 Qh5+ 23. Kf2 Qf3+ 24. Kg1 Rxd1 25. Qxd1 Qxd1+ 26. Kg2 Ne3+ 27.
Kf2 Qd2+ 0-1

[Event "Michigan Beginners"]
[Site "Grand Rapids, MI"]
[Date "1998.??.??"]
[Round "?"]
[White "Nolan, Matthew"]
[Black "Moore, B."]
[Result "0-1"]
[WhiteElo "1605"]
[BlackElo "1605"]
[PlyCount "74"]
[EventDate "1998.01.??"]

1. e4 e6 2. d4 d5 3. e5 c5 4. Nf3 cxd4 5. Nxd4 Nc6 6. Bb5 Bd7 7. Bxc6 bxc6 8.
O-O Bc5 9. Be3 Qb6 10. b3 Ne7 11. Nc3 Bxd4 12. Bxd4 c5 13. Be3 d4 14. Bg5 dxc3
15. Bxe7 Kxe7 16. Qd3 Bb5 17. Qd6+ Qxd6 18. exd6+ Kxd6 19. Rfd1+ Ke7 20. a4 Ba6
21. a5 Rhd8 22. Re1 Rd2 23. Rec1 Rad8 24. h3 Be2 25. Ra4 Rd1+ 26. Rxd1 Rxd1+
27. Kh2 Rc1 28. b4 Bb5 29. Ra3 cxb4 30. Rb3 Ba4 31. Rxb4 Bxc2 32. Rb7+ Kf6 33.
Rxa7 Bd3 34. Kg3 c2 35. Rc7 Rd1 36. a6 c1=Q 37. a7 Qxc7+ 0-1

[Event "Michigan Beginners"]
[Site "Grand Rapids, MI"]
[Date "1998.??.??"]
[Round "?"]
[White "Nolan, Matthew"]
[Black "Archer, A."]
[Result "1-0"]
[WhiteElo "1605"]
[BlackElo "1605"]
[PlyCount "69"]
[EventDate "1998.01.??"]

1. e4 c5 2. Nf3 Nc6 3. Bb5 Qc7 4. Nc3 g6 5. b3 Bg7 6. Bb2 Nh6 7. Nd5 Qa5 8.
Bxg7 Qxb5 9. Nc7+ Kd8 10. Nxb5 Rg8 11. Bxh6 a6 12. Nc3 d6 13. d4 Bg4 14. dxc5
Bxf3 15. Qxf3 dxc5 16. Qxf7 Kc7 17. Bf4+ Kb6 18. Nd5+ Ka7 19. Nxe7 Nxe7 20.
Qxe7 Rae8 21. Qxc5+ Ka8 22. f3 Rc8 23. Qf2 Rgf8 24. g3 Rh8 25. O-O h6 26. Rad1
g5 27. Be5 Rhe8 28. Bg7 Rg8 29. Bxh6 Rc3 30. Qd2 Rh8 31. Bg7 Rhc8 32. Bxc3 Rxc3
33. Qxc3 Ka7 34. Qc5+ b6 35. Rd7+ 1-0

[Event "Michigan Amateur"]
[Site "Kalamazoo "]
[Date "1998.??.??"]
[Round "?"]
[White "Nolan, Dan"]
[Black "Treacy, Joe"]
[Result "0-1"]
[WhiteElo "1605"]
[BlackElo "1660"]
[PlyCount "114"]
[EventDate "1998.07.??"]

{7/18} 1. d4 Nf6 2. Nf3 g6 3. Bf4 d6 4. Nc3 Bg7 5. e4 O-O 6. e5 dxe5 7. Bxe5
Bf5 8. Bd3 Qd7 9. O-O Nc6 10. Bxf5 Qxf5 11. Bxc7 Rac8 12. Be5 Rfd8 13. Re1 a6
14. d5 Nb4 15. Nh4 Qd7 16. Bxf6 Bxf6 17. Nf3 Nxd5 18. Ne5 Bxe5 19. Rxe5 Nxc3
20. Qxd7 Rxd7 21. bxc3 Rxc3 22. Re2 e6 23. g3 Rdc7 24. Rc1 R3c5 25. Rd2 Rd5 26.
Rxd5 exd5 27. Kf1 Kf8 28. Ke2 Ke7 29. Kd3 Kd6 30. c4 dxc4+ 31. Rxc4 Rxc4 32.
Kxc4 Kc6 33. a3 b5+ 34. Kc3 Kc5 35. Kb3 f5 36. f4 h6 37. a4 g5 38. fxg5 hxg5
39. h4 gxh4 40. gxh4 f4 41. h5 f3 42. h6 f2 43. h7 f1=Q 44. h8=Q Qb1+ 45. Qb2
Qxb2+ 46. Kxb2 Kb4 47. axb5 axb5 48. Kb1 Kb3 49. Ka1 Kc2 50. Ka2 b4 51. Ka1 Kc3
52. Kb1 Kb3 53. Ka1 Kc2 54. Ka2 b3+ 55. Ka1 b2+ 56. Ka2 b1=Q+ 57. Ka3 Qb3# 0-1

[Event "Michigan Beginners"]
[Site "Grand Rapids, MI"]
[Date "1998.??.??"]
[Round "?"]
[White "Nolan, Dan"]
[Black "Nolan, Sean"]
[Result "1-0"]
[WhiteElo "1605"]
[BlackElo "1605"]
[PlyCount "51"]
[EventDate "1998.01.??"]

1. d4 Nc6 2. c4 d5 3. e3 Nf6 4. Nf3 e6 5. Be2 Bb4+ 6. Bd2 Bxd2+ 7. Qxd2 O-O 8.
O-O Qe7 9. Nc3 Rd8 10. Ne5 Qd6 11. Nxc6 Qxc6 12. c5 Qe8 13. Bf3 Bd7 14. Rfe1
Bc6 15. e4 g6 16. Qg5 Qe7 17. Nxd5 exd5 18. exd5 Qd6 19. cxd6 cxd6 20. dxc6
bxc6 21. Qxf6 h5 22. Re2 Kh7 23. Qxf7+ Kh6 24. Qf4+ Kg7 25. Re7+ Kg8 26. Qf7+
1-0

[Event "Michigan Amateur"]
[Site "Kalamazoo "]
[Date "1998.??.??"]
[Round "?"]
[White "Nolan, Dan"]
[Black "McCarter, Robert"]
[Result "0-1"]
[WhiteElo "1605"]
[BlackElo "1605"]
[PlyCount "114"]
[EventDate "1998.07.??"]

{7/18} 1. d4 Nf6 2. c4 e6 3. Bg5 h6 4. Bxf6 Qxf6 5. e3 c5 6. Nf3 cxd4 7. exd4
Bb4+ 8. Nbd2 O-O 9. Be2 b6 10. O-O Bb7 11. Nb3 d5 12. a3 Be7 13. Ne5 dxc4 14.
Bxc4 Rd8 15. Qe2 Nc6 16. Rfd1 Bd6 17. Nxc6 Bxc6 18. d5 exd5 19. Bxd5 Bxd5 20.
Rxd5 Bxh2+ 21. Kxh2 Rxd5 22. Qe4 Qe5+ 23. Qxe5 Rxe5 24. f3 Re2 25. Rb1 Rd8 26.
Nc1 Rc2 27. Na2 Rdd2 28. Nb4 Rxg2+ 29. Kh3 Rh2+ 30. Kg3 Rcg2+ 31. Kf4 Rxb2 32.
Rc1 Rh4+ 33. Kg3 Rhxb4 34. axb4 Rxb4 35. Rc8+ Kh7 36. Ra8 a5 37. f4 Kg6 38. Ra7
f5 39. Kf3 a4 40. Ra6 Rb3+ 41. Ke2 a3 42. Kd2 Kh5 43. Kc2 Rf3 44. Rxb6 Rxf4 45.
Kb3 Rf3+ 46. Ka2 g5 47. Ra6 g4 48. Rxa3 Rxa3+ 49. Kxa3 g3 50. Kb4 f4 51. Kc5 f3
52. Kd4 f2 53. Kd5 g2 54. Ke4 f1=Q 55. Ke5 g1=Q 56. Ke4 Qe1+ 57. Kf4 Qgf2# 0-1

[Event "Michigan Beginners"]
[Site "Grand Rapids, MI"]
[Date "1998.??.??"]
[Round "?"]
[White "Nolan, Dan"]
[Black "Johnson, Donta"]
[Result "0-1"]
[WhiteElo "1605"]
[BlackElo "1605"]
[PlyCount "54"]
[EventDate "1998.01.??"]

1. d4 Nf6 2. c4 g6 3. Bg5 Bg7 4. Nc3 d6 5. e3 O-O 6. Nf3 b6 7. Be2 Bb7 8. O-O
Nbd7 9. Qc2 Re8 10. d5 e6 11. e4 exd5 12. exd5 Qc8 13. Rae1 c6 14. dxc6 Qxc6
15. b3 d5 16. Nd4 Qc5 17. Nf3 d4 18. Na4 Qd6 19. Bxf6 Nxf6 20. Bd3 Bxf3 21.
gxf3 Nh5 22. c5 bxc5 23. Qxc5 Qf6 24. Be4 Nf4 25. Bxa8 Rxa8 26. Qe7 Qf5 27. Qe4
Qg5+ 0-1

[Event "Michigan Amateur"]
[Site "Kalamazoo "]
[Date "1998.??.??"]
[Round "?"]
[White "Nolan, Dan"]
[Black "Evans Sr., Thomas"]
[Result "1-0"]
[WhiteElo "1605"]
[BlackElo "1605"]
[PlyCount "47"]
[EventDate "1998.07.??"]

{7/19} 1. d4 e6 2. c4 d5 3. Nc3 Bb4 4. Nf3 Nf6 5. Bg5 O-O 6. e3 Be7 7. Bd3 dxc4
8. Bxc4 Nc6 9. a3 Nd5 10. Bxe7 Ncxe7 11. Nxd5 Nxd5 12. O-O Nf6 13. Qd3 a6 14.
e4 b5 15. Bb3 c5 16. Bc2 c4 17. Qd2 Bb7 18. Rfe1 Qc7 19. Qg5 h6 20. Qh4 Rfe8
21. Re3 Rac8 22. Ne5 Qd6 23. Rg3 Kh8 24. Nxf7+ 1-0

[Event "Michigan Beginners"]
[Site "Grand Rapids, MI"]
[Date "1998.??.??"]
[Round "?"]
[White "Nolan, Dan"]
[Black "Evans, Joseph"]
[Result "1-0"]
[WhiteElo "1605"]
[BlackElo "1605"]
[PlyCount "119"]
[EventDate "1998.01.??"]

1. d4 d5 2. c4 g6 3. e3 Bg7 4. Nf3 Bg4 5. Be2 Nh6 6. O-O O-O 7. Nc3 dxc4 8.
Bxc4 Bxf3 9. Qxf3 c6 10. Rd1 b5 11. Bxb5 Qe8 12. Be2 Na6 13. e4 Nb4 14. Qh3 Nc2
15. Rb1 Rd8 16. Bxh6 Nxd4 17. Bc4 e6 18. Bxg7 Kxg7 19. Ne2 Nxe2+ 20. Bxe2 Rxd1+
21. Rxd1 c5 22. Qc3+ f6 23. Qxc5 Rf7 24. h3 Qa4 25. Qc4 Qa5 26. Rf1 Re7 27. Qb3
Qd2 28. Bc4 Qd7 29. Qc3 e5 30. Qd3 Qb7 31. Qd5 Qxb2 32. Qg8+ Kh6 33. Qf8+ Kg5
34. Qxe7 Qc2 35. h4+ Kf4 36. Qxf6+ Kxe4 37. Qf3+ Kd4 38. Qd5+ Kc3 39. Qxe5+
Kxc4 40. Qc7+ Kd3 41. Qxc2+ Kxc2 42. Re1 Kd2 43. Re7 h6 44. Rxa7 Kc2 45. Re7
Kc3 46. Kf1 Kc4 47. Ke2 Kc5 48. Kd3 Kc6 49. Re3 Kc7 50. Kd4 Kc6 51. Rc3+ Kb6
52. Kd5 Kb5 53. Rc8 g5 54. hxg5 hxg5 55. g4 Ka4 56. Rb8 Ka3 57. Kc4 Kxa2 58.
Kc3 Ka1 59. Kc2 Ka2 60. Ra8# 1-0

[Event "Michigan Amateur"]
[Site "Kalamazoo "]
[Date "1998.??.??"]
[Round "?"]
[White "Nolan, Brian"]
[Black "Shelton, Harold"]
[Result "1-0"]
[WhiteElo "1605"]
[BlackElo "1605"]
[PlyCount "37"]
[EventDate "1998.07.??"]

{7/19} 1. d4 d5 2. c4 e6 3. Nc3 Nf6 4. Bg5 Be7 5. Nf3 Nc6 6. e3 h6 7. Bh4 b6 8.
cxd5 exd5 9. Bb5 Bd7 10. Bxf6 Bxf6 11. Nxd5 O-O 12. Nxf6+ Qxf6 13. O-O Qg6 14.
Rc1 Bh3 15. Nh4 Qg5 16. Bxc6 Rad8 17. Qf3 Bg4 18. Qg3 Rd6 19. h3 {[Remainder
illegible]} 1-0

[Event "Michigan Amateur"]
[Site "Kalamazoo "]
[Date "1998.??.??"]
[Round "?"]
[White "Nolan, Brian"]
[Black "McCrandell, James"]
[Result "1-0"]
[WhiteElo "1605"]
[BlackElo "1605"]
[PlyCount "85"]
[EventDate "1998.07.??"]

{7/18} 1. d4 d5 2. c4 dxc4 3. e4 b5 4. a4 c6 5. axb5 cxb5 6. Nc3 a6 7. Nxb5 Bb7
8. Nc3 Nc6 9. d5 Ne5 10. f4 Nd3+ 11. Bxd3 cxd3 12. Qa4+ Qd7 13. Qxd7+ Kxd7 14.
Nf3 e6 15. dxe6+ Kxe6 16. Ng5+ Ke7 17. Nd5+ Bxd5 18. exd5 Kf6 19. Bd2 Nh6 20.
Bc3+ Kf5 21. Rf1 Bc5 22. Kd2 f6 23. Ne6 Bd6 24. Kxd3 Ng4 25. h3 Nh6 26. Nxg7+
Kg6 27. Ne6 Kf7 28. g4 f5 29. Bxh8 Rxh8 30. Rxa6 Ke7 31. g5 Nf7 32. Ra7+ Ke8
33. Rc1 Be7 34. Rc8+ Nd8 35. d6 Kf7 36. Rxe7+ Kg6 37. Rg7+ Kh5 38. Rxd8 Rxd8
39. Nxd8 h6 40. Nf7 Kh4 41. gxh6 Kxh3 42. h7 Kh4 43. h8=R# 1-0

[Event "Michigan Class C"]
[Site "Grand Rapids, MI"]
[Date "1998.??.??"]
[Round "?"]
[White "Nolan, Brian"]
[Black "Griffin, John"]
[Result "1-0"]
[WhiteElo "1605"]
[BlackElo "1605"]
[PlyCount "127"]
[EventDate "1998.01.??"]

1. d4 Nf6 2. c4 e6 3. Bg5 Be7 4. Nc3 d5 5. e3 h6 6. Bh4 O-O 7. Nf3 b6 8. cxd5
exd5 9. Bd3 Bb7 10. O-O Ne4 11. Bxe7 Qxe7 12. Qb3 Nxc3 13. Qxc3 c5 14. b3 Ba6
15. dxc5 bxc5 16. Rfd1 Rd8 17. Rac1 Bxd3 18. Rxd3 Na6 19. Qe5 Qxe5 20. Nxe5 d4
21. exd4 cxd4 22. Nc6 Rd6 23. Rxd4 Re6 24. Kf1 Nc7 25. Rd8+ Rxd8 26. Nxd8 Re7
27. Nc6 Rd7 28. Nxa7 Ne6 29. Nb5 Rd2 30. Rc8+ Kh7 31. Ra8 Nf4 32. Re8 Rxa2 33.
g3 Nd3 34. Re2 Ra1+ 35. Kg2 Ne1+ 36. Kh3 Nf3 37. Re3 Nd2 38. Nd4 Ra5 39. Re2
Nf1 40. Kg2 Rd5 41. Nf3 Rd1 42. Re1 Rxe1 43. Nxe1 Nd2 44. b4 Kg6 45. b5 Nc4 46.
Nc2 Kf6 47. Kf3 Ke5 48. Ke2 Kd5 49. Ne3+ Nxe3 50. Kxe3 Kc5 51. Ke4 Kxb5 52. Kd5
Kb4 53. Kd6 g5 54. Ke7 f5 55. Kf6 f4 56. gxf4 gxf4 57. Kf5 f3 58. Ke4 Kc4 59.
Kxf3 Kd5 60. Kg4 Ke4 61. Kh5 Kf3 62. Kxh6 Kxf2 63. h4 Kg3 64. Kg5 1-0

[Event "Michigan Amateur"]
[Site "Kalamazoo "]
[Date "1998.??.??"]
[Round "?"]
[White "Nolan, Brian"]
[Black "Clay, C."]
[Result "1-0"]
[WhiteElo "1605"]
[BlackElo "1605"]
[PlyCount "93"]
[EventDate "1998.07.??"]

{7/18} 1. d4 Nf6 2. c4 c5 3. d5 b5 4. cxb5 a6 5. e3 d6 6. Nc3 axb5 7. Bxb5+ Bd7
8. Bxd7+ Nbxd7 9. Nge2 g6 10. O-O Bg7 11. a3 O-O 12. Rb1 Qc7 13. b4 cxb4 14.
axb4 Rfb8 15. Qb3 Rb7 16. Nd4 Rab8 17. Nc6 Nc5 18. Qc4 Ra8 19. bxc5 Rxb1 20.
Nxb1 dxc5 21. Qxc5 Bf8 22. Bb2 e6 23. Qc3 Bg7 24. dxe6 fxe6 25. Qc4 Qd6 26.
Bxf6 Bxf6 27. Nc3 Kf7 28. Ne4 Qd7 29. Nxf6 Kxf6 30. Qd4+ Qxd4 31. Nxd4 e5 32.
Nf3 g5 33. h3 h5 34. Rb1 Ra5 35. g3 Kf5 36. Rb8 g4 37. hxg4+ hxg4 38. Nh2 Ke4
39. Kg2 Kd3 40. Nxg4 e4 41. Rb4 Ra2 42. Rd4+ Ke2 43. Rxe4 Ke1 44. Re8 Ra4 45.
Nh2 Ra2 46. Nf3+ Ke2 47. e4 1-0

[Event "Michigan Class C"]
[Site "Grand Rapids, MI"]
[Date "1998.??.??"]
[Round "?"]
[White "Nolan, Brian"]
[Black "Brinks, K."]
[Result "0-1"]
[WhiteElo "1605"]
[BlackElo "1605"]
[PlyCount "120"]
[EventDate "1998.01.??"]

1. d4 Nf6 2. c4 e6 3. Bg5 Bb4+ 4. Nc3 Bxc3+ 5. bxc3 b6 6. e4 h6 7. Bxf6 Qxf6 8.
Nf3 Bb7 9. Bd3 Qg6 10. Nh4 Qg5 11. g3 d6 12. O-O Nd7 13. f4 Qe7 14. f5 O-O-O
15. Qa4 Kb8 16. Rab1 Rhg8 17. Qb4 c5 18. Qa3 Qe8 19. Qb2 Nf6 20. d5 Ng4 21. Nf3
exf5 22. exf5 Qe3+ 23. Kh1 Qxd3 24. Nd2 Qe2 25. Nf3 Qxb2 26. Rxb2 Rde8 27. a4
Ne3 28. Rfb1 Nxc4 29. Rf2 Bxd5 30. Kg1 Bxf3 31. Rxf3 Nd2 32. Rff1 Nxb1 33. Rxb1
Kc7 34. Kf2 Re4 35. a5 Rge8 36. Rb2 Rc4 37. axb6+ axb6 38. Rb3 d5 39. Ra3 Kb7
40. h3 Ree4 41. Rb3 Kc6 42. Kf3 Re5 43. g4 Rce4 44. Ra3 Re3+ 45. Kg2 d4 46. Ra7
Re7 47. Ra8 d3 48. Rc8+ Kb5 49. Rd8 Re2+ 50. Kf3 d2 51. f6 gxf6 52. c4+ Kxc4
53. g5 hxg5 54. h4 gxh4 55. Rd6 Re1 56. Rxd2 h3 57. Kg3 R7e3+ 58. Kh4 Rh1 59.
Rc2+ Kb5 60. Rb2+ Kc6 0-1

[Event "Michigan Class C"]
[Site "Grand Rapids, MI"]
[Date "1998.??.??"]
[Round "?"]
[White "Nikitin, Mike"]
[Black "Foord, Allan"]
[Result "0-1"]
[WhiteElo "1605"]
[BlackElo "1605"]
[PlyCount "68"]
[EventDate "1998.01.??"]

1. d4 Nf6 2. c4 g6 3. Nc3 d5 4. Bg5 Bg7 5. Nf3 dxc4 6. e3 O-O 7. Bxc4 Nbd7 8.
O-O e6 9. Qb3 c5 10. d5 exd5 11. Nxd5 a6 12. a4 h6 13. Bf4 Nxd5 14. Bxd5 Qb6
15. Ra2 Qxb3 16. Bxb3 b6 17. Rd1 Nf6 18. Rd6 Bb7 19. Bxh6 Bxf3 20. Bxg7 Kxg7
21. gxf3 b5 22. axb5 axb5 23. Raa6 Rxa6 24. Rxa6 c4 25. Ba2 Rb8 26. Ra7 Rc8 27.
Kf1 Nd5 28. e4 Nb4 29. Bb1 Nc6 30. Ra6 Nd4 31. Kg2 b4 32. f4 c3 33. bxc3 bxc3
34. Ra2 c2 0-1

[Event "Michigan Class C"]
[Site "Grand Rapids, MI"]
[Date "1998.??.??"]
[Round "?"]
[White "Nikitin, Mike"]
[Black "Aldrich, Justin"]
[Result "0-1"]
[WhiteElo "1605"]
[BlackElo "1605"]
[PlyCount "48"]
[EventDate "1998.01.??"]

1. d4 d5 2. c4 c6 3. Nc3 Nf6 4. Nf3 e6 5. Bg5 h6 6. Bh4 Be7 7. e3 Nbd7 8. Bd3
dxc4 9. Bxc4 Nb6 10. Bd3 O-O 11. O-O Nbd5 12. Qc2 Nb4 13. Qb1 Nxd3 14. Qxd3 Nd5
15. Bxe7 Qxe7 16. Ne5 Rd8 17. Ne4 Nf6 18. Nc5 Rb8 19. f4 Nd7 20. Ncxd7 Bxd7 21.
Rac1 a6 22. a3 c5 23. Nxd7 Rxd7 24. Rxc5 Qxc5 0-1

[Event "Michigan Beginners"]
[Site "Grand Rapids, MI"]
[Date "1998.??.??"]
[Round "?"]
[White "Nikitin, Matt"]
[Black "Sanborn, Russell"]
[Result "0-1"]
[WhiteElo "1605"]
[BlackElo "1605"]
[PlyCount "48"]
[EventDate "1998.01.??"]

1. e4 e5 2. Nf3 Nc6 3. Bb5 Nf6 4. d3 Bc5 5. Bxc6 bxc6 6. Nxe5 O-O 7. Qf3 Qe8 8.
Ng4 Nxg4 9. Qxg4 d5 10. O-O Bxg4 11. Nc3 Qe6 12. Bf4 d4 13. Na4 Bd6 14. Bxd6
cxd6 15. Rfe1 d5 16. Nc5 Qg6 17. f3 Bh3 18. Re2 dxe4 19. Nxe4 Bf5 20. Ng3 Rae8
21. Rae1 Rxe2 22. Rxe2 h6 23. Re5 Be6 24. Ra5 c5 0-1

[Event "Michigan Beginners"]
[Site "Grand Rapids, MI"]
[Date "1998.??.??"]
[Round "?"]
[White "Nikitin, Matt"]
[Black "Cokewell, M."]
[Result "0-1"]
[WhiteElo "1605"]
[BlackElo "1605"]
[PlyCount "120"]
[EventDate "1998.01.??"]

1. e4 e5 2. Nf3 Nf6 3. d3 d6 4. g3 Be6 5. Bg2 d5 6. Nc3 Nc6 7. Ng5 d4 8. Nxe6
fxe6 9. Ne2 Qd7 10. O-O O-O-O 11. Bg5 Nb4 12. c3 Nc6 13. cxd4 Nxd4 14. Nxd4
Qxd4 15. Bh3 Rd6 16. Rc1 c6 17. Qf3 Be7 18. Qe3 Qa4 19. Qc5 h6 20. Bxf6 gxf6
21. a3 b6 22. Rc4 Qb3 23. Qb4 Qxb4 24. Rxb4 Rhd8 25. Ra4 Kb8 26. Rc4 Rf8 27.
Rfc1 Kb7 28. Rd1 f5 29. d4 fxe4 30. Bg2 Rfd8 31. Bxe4 exd4 32. Rd2 Kc7 33. Ra4
a5 34. b4 Ra8 35. bxa5 bxa5 36. Raxd4 Rxd4 37. Rxd4 Bxa3 38. Rc4 Ra6 39. f4 c5
40. Kg2 a4 41. Bc2 Bb4 42. Bd3 Ra5 43. Re4 Kd6 44. Bc4 a3 45. Rxe6+ Kc7 46. f5
a2 47. Bxa2 Rxa2+ 48. Kh3 Bc3 49. Rxh6 Rf2 50. Kg4 Bd2 51. Rg6 c4 52. f6 c3 53.
Rg7+ Kd6 54. f7 Ke7 55. h4 c2 56. Kh5 c1=Q 57. Kg6 Qc2+ 58. Kh5 Rxf7 59. Rxf7+
Kxf7 60. g4 Qg6# 0-1

[Event "Michigan Women's"]
[Site "Ann Arbor, MI"]
[Date "1998.??.??"]
[Round "?"]
[White "Nichols, Glenda"]
[Black "Zarzycki, Amanda"]
[Result "0-1"]
[WhiteElo "1605"]
[BlackElo "1605"]
[PlyCount "30"]
[EventDate "1998.12.??"]

1. e4 e5 2. Nf3 Nc6 3. Bc4 Bc5 4. O-O Nh6 5. c3 d6 6. d4 exd4 7. cxd4 Bb4 8. d5
Na5 9. Nbd2 O-O 10. e5 dxe5 11. Nxe5 Bd6 12. Nd3 Qg5 13. Ne4 Qg6 14. Bd2 Bh3
15. Bxa5 Qxg2# 0-1

[Event "Michigan Women's"]
[Site "Ann Arbor, MI"]
[Date "1998.??.??"]
[Round "?"]
[White "Nichols, Glenda"]
[Black "Livschitz, Louiza"]
[Result "0-1"]
[WhiteElo "1605"]
[BlackElo "1605"]
[PlyCount "70"]
[EventDate "1998.12.??"]

1. e4 c5 2. b3 Nc6 3. Bc4 e6 4. Nf3 d5 5. d3 dxc4 6. bxc4 Bd6 7. O-O Nf6 8. Be3
O-O 9. Ng5 h6 10. Nf3 Ng4 11. Qd2 Nxe3 12. Qxe3 Re8 13. e5 Bc7 14. Qe4 Nd4 15.
Nbd2 Nxc2 16. Rab1 Nd4 17. Rb5 Nxb5 18. cxb5 Qd5 19. Qa4 Bd7 20. Ne4 a6 21. d4
Qxe4 22. Qc4 Bxb5 23. Qc1 Bxf1 24. Kxf1 Rac8 25. Nd2 Qd3+ 26. Kg1 cxd4 27. g3
Ba5 28. Qd1 Bxd2 29. Qa1 Rc1+ 30. Qxc1 Bxc1 31. Kg2 Qe4+ 32. f3 Qe2+ 33. Kh3 d3
34. g4 d2 35. Kh4 Qxh2# 0-1

[Event "Michigan Amateur"]
[Site "Kalamazoo "]
[Date "1998.??.??"]
[Round "?"]
[White "Newhouse, Gregory"]
[Black "Post, Robert"]
[Result "0-1"]
[WhiteElo "1605"]
[BlackElo "1665"]
[PlyCount "82"]
[EventDate "1998.07.??"]

{7/19} 1. e4 g6 2. d4 Bg7 3. Nf3 d6 4. Be2 Nf6 5. Nc3 O-O 6. O-O Nbd7 7. Bg5 h6
8. Bf4 c5 9. Re1 cxd4 10. Nd5 e5 11. Bc1 Nxd5 12. exd5 a6 13. a4 f5 14. a5 Qf6
15. c3 d3 16. Bxd3 e4 17. Bxe4 fxe4 18. Rxe4 Nc5 19. Rc4 g5 20. Be3 Nd7 21. Bd4
Qf4 22. Bxg7 Qxc4 23. Bxf8 Kxf8 24. Ra4 Qc5 25. Qd3 Nf6 26. c4 Bd7 27. b4 Qc8
28. Ra1 Bf5 29. Qd4 Kf7 30. Re1 Qd7 31. Qd1 Re8 32. Rxe8 Qxe8 33. Nd4 Bd7 34.
Kf1 Qe5 35. Nf3 Qc3 36. Qd4 Qxb4 37. Nd2 Qxa5 38. Ne4 Nxe4 39. Qxe4 Qa1+ 40.
Ke2 Qb2+ 41. Kd1 Ba4+ 0-1

[Event "Michigan Amateur"]
[Site "Kalamazoo "]
[Date "1998.??.??"]
[Round "?"]
[White "Newhouse, Gregory"]
[Black "Babcock, John"]
[Result "1-0"]
[WhiteElo "1605"]
[BlackElo "1605"]
[PlyCount "91"]
[EventDate "1998.07.??"]

{7/18} 1. e4 e5 2. Nf3 Nc6 3. Bb5 d6 4. d4 Bd7 5. O-O Nge7 6. d5 a6 7. dxc6
Nxc6 8. Bc4 Be6 9. Bxe6 fxe6 10. Ng5 Qd7 11. Be3 Qe7 12. Qg4 Nd4 13. Bxd4 exd4
14. Qxe6 h6 15. Qxe7+ Bxe7 16. Ne6 Kd7 17. Nxd4 Bf6 18. c3 g6 19. Nd2 Rae8 20.
Rae1 c5 21. Nc2 b5 22. Ne3 Be5 23. Nd5 Rhf8 24. f4 Bg7 25. Nf3 Kc6 26. Nh4 Re6
27. f5 gxf5 28. Rxf5 Rfe8 29. Kf2 a5 30. Kf3 c4 31. Rf7 b4 32. Rc7+ Kb5 33.
Rxg7 Rf8+ 34. Ke3 Re5 35. cxb4 axb4 36. Rb7+ Kc6 37. Rc7+ Kb5 38. Ng6 Rxd5 39.
exd5 Rg8 40. Rc1 c3 41. bxc3 Ra8 42. cxb4 Rxa2 43. Nf4 Ra3+ 44. Nd3 Ra2 45.
R1c6 Ra6 46. Rb7+ 1-0

[Event "Michigan Open Reserve"]
[Site "Flint, MI"]
[Date "1998.??.??"]
[Round "?"]
[White "Neshewat, Michael"]
[Black "Griffin, John"]
[Result "1-0"]
[WhiteElo "1750"]
[BlackElo "1605"]
[PlyCount "41"]
[EventDate "1998.09.??"]

1. d4 Nf6 2. c4 e6 3. Nc3 d5 4. e3 b6 5. cxd5 Nxd5 6. Bb5+ c6 7. Ba4 Bb4 8. Bd2
O-O 9. Nge2 Bb7 10. O-O Nxc3 11. Nxc3 Nd7 12. Qf3 Rc8 13. a3 Be7 14. Rad1 Nf6
15. Bc1 Qc7 16. Qh3 e5 17. Bc2 Qd7 18. Bxh7+ Nxh7 19. Qxd7 Ba6 20. Qxe7 Bxf1
21. Kxf1 1-0

[Event "U.S. Amateur North"]
[Site "Detroit, MI"]
[Date "1998.??.??"]
[Round "?"]
[White "Nelson, K."]
[Black "Wiener, Jack"]
[Result "0-1"]
[WhiteElo "1605"]
[BlackElo "1605"]
[PlyCount "56"]
[EventDate "1998.05.??"]

{5/23} 1. d4 d5 2. Nf3 Nf6 3. Nc3 c6 4. e3 Bf5 5. Bd3 e6 6. Bxf5 exf5 7. Ne5
Bd6 8. O-O O-O 9. e4 dxe4 10. Bg5 Be7 11. Bxf6 Bxf6 12. Na4 Qc7 13. Nc5 Rd8 14.
Qd2 g6 15. Qh6 b6 16. Ncd7 Nxd7 17. Nxd7 Rxd7 18. Rae1 Rxd4 19. Re3 Bg7 20. Qg5
Rd2 21. Rh3 Rxc2 22. Qh4 h6 23. Re3 Rd8 24. f3 Rdd2 25. fxe4 Rxg2+ 26. Kh1
Rxh2+ 27. Kg1 Rxh4 28. exf5 Qh2# 0-1

[Event "U.S. Amateur North"]
[Site "Detroit, MI"]
[Date "1998.??.??"]
[Round "?"]
[White "Nelson, K."]
[Black "Corner, W."]
[Result "0-1"]
[WhiteElo "1605"]
[BlackElo "1605"]
[PlyCount "40"]
[EventDate "1998.05.??"]

{5/24} 1. d4 Nf6 2. Nc3 d5 3. e3 g6 4. Nf3 Bg7 5. Bd3 Bg4 6. Be2 O-O 7. h3 Bf5
8. O-O c6 9. Bd3 Bc8 10. Ng5 Nbd7 11. Qf3 e5 12. dxe5 Nxe5 13. Qg3 Re8 14. e4
Nh5 15. Qh4 h6 16. Be2 Bf6 17. f4 Nxf4 18. Qxh6 Bxg5 19. Bxf4 Bxh6 20. Bxe5
Rxe5 0-1

[Event "Michigan Amateur"]
[Site "Kalamazoo "]
[Date "1998.??.??"]
[Round "?"]
[White "Neely, Richard"]
[Black "Varner, Bill"]
[Result "1-0"]
[WhiteElo "1605"]
[BlackElo "1605"]
[PlyCount "51"]
[EventDate "1998.07.??"]

{7/18} 1. d4 d5 2. e4 c6 3. exd5 Qa5+ 4. Nc3 cxd5 5. Nf3 e6 6. Bf4 Nc6 7. Bd3
Bd7 8. O-O Be7 9. Nb5 Rc8 10. Bd6 Nf6 11. Bxe7 Kxe7 12. a3 a6 13. Nc3 Qb6 14.
Be2 Qxb2 15. Na4 Qxa1 16. Qxa1 Ne4 17. Bd3 f5 18. Nb6 Rc7 19. c4 Na5 20. cxd5
Nb3 21. Qb2 Nec5 22. dxc5 Nxc5 23. Bxf5 exf5 24. Qe5+ Kd8 25. d6 Rc6 26. Qe7#
1-0

[Event "Michigan Amateur"]
[Site "Kalamazoo "]
[Date "1998.??.??"]
[Round "?"]
[White "Neely, Richard"]
[Black "Shelton, Harold"]
[Result "0-1"]
[WhiteElo "1605"]
[BlackElo "1605"]
[PlyCount "30"]
[EventDate "1998.07.??"]

{7/18} 1. d4 d5 2. e4 dxe4 3. Nc3 Nf6 4. f3 exf3 5. Qxf3 Qxd4 6. Be3 Qd8 7. Bd3
Nc6 8. O-O-O Bg4 9. Qg3 Bxd1 10. Nb5 e5 11. Kxd1 a6 12. Nc3 e4 13. Kc1 exd3 14.
cxd3 Qxd3 15. Nf3 Qxe3+ 0-1